000
00297nam a22001337a 4500
008
171102b xxu||||| |||| 00| 0 eng d
020
_a
9780256063318
041
_a
eng
080
_2
4TH
_a
339.138
100
_a
60
101
_a
MAR
245
_a
CONSUMER BEHAVIOR
_c
HAWKINS,D.L
942
_2
udc
_c
BK
999
_c
37353
_d
37353